| 000 | 00640nam a22001937a 4500 | ||
|---|---|---|---|
| 003 | OSt | ||
| 005 | 20260421050844.0 | ||
| 008 | 260421b |||||||| |||| 00| 0 eng d | ||
| 020 | _a971-10-1051-8. | ||
| 040 |
_aDWC-Main Lib. _cOC |
||
| 082 | _aFil. 100 T583 2000 | ||
| 100 | _aTimbreza, Florentino T. | ||
| 245 |
_aQuest for meaning : _bphilosophy made easy for Filipinos/ _cFlorentino T. Timbreza |
||
| 260 |
_aQuezon City : _bNew Day Pub., _cc2000. |
||
| 300 |
_av, 266 p. ; _c23 cm. |
||
| 500 | _aIncludes bibliographical references and index. | ||
| 650 | _a1. Philosophy-Study and teaching. | ||
| 942 |
_2ddc _cBK - FIL _hFil. _n0 |
||
| 999 |
_c9551 _d9551 |
||